Countries by First Two Letters - One Minute Sprint - Statistics

General Stats
  • This quiz has been taken 6,393 times
  • The average score is 110 of 196
Answers on the Map
Answers color-coded by a green-red scale on the quiz's map according to % correct below.
 
Answer Stats
Country % Correct
Cabo Verde
95%
Cambodia
95%
Cameroon
95%
Canada
95%
Chad
95%
Chile
95%
China
95%
United Arab Emirates
93%
United Kingdom
93%
United States
93%
Democratic Republic of the Congo
90%
Brazil
89%
Brunei
89%
Russia
88%
Mexico
86%
Australia
84%
Austria
84%
Moldova
83%
Monaco
83%
Mongolia
83%
Montenegro
83%
Morocco
83%
Mozambique
83%
Argentina
81%
Armenia
81%
India
81%
Indonesia
81%
Solomon Islands
81%
Somalia
81%
South Africa
81%
South Korea
81%
South Sudan
81%
North Korea
80%
Norway
80%
Pakistan
79%
Palau
79%
Panama
79%
Papua New Guinea
79%
Paraguay
79%
France
78%
Macedonia
78%
Madagascar
78%
Malawi
78%
Malaysia
78%
Maldives
78%
Mali
78%
Malta
78%
Marshall Islands
78%
Mauritania
78%
Mauritius
78%
Iran
76%
Iraq
76%
Ireland
76%
Saint Kitts and Nevis
76%
Saint Lucia
76%
Saint Vincent and the Grenadines
76%
Republic of the Congo
75%
Samoa
75%
San Marino
75%
São Tomé and Príncipe
75%
Saudi Arabia
75%
Colombia
73%
Comoros
73%
Costa Rica
73%
Côte d'Ivoire
73%
Spain
73%
Swaziland
72%
Sweden
72%
Switzerland
72%
Poland
71%
Portugal
71%
Albania
70%
Algeria
70%
Georgia
69%
Germany
69%
Bolivia
68%
Bosnia and Herzegovina
68%
Botswana
68%
Fiji
66%
Finland
66%
Liberia
66%
Libya
66%
Liechtenstein
66%
Lithuania
66%
Denmark
65%
Peru
65%
Belarus
64%
Belgium
64%
Belize
64%
Benin
64%
Nepal
64%
Netherlands
64%
New Zealand
64%
Sudan
64%
Suriname
64%
Tunisia
64%
Turkey
64%
Turkmenistan
64%
Tuvalu
64%
Kazakhstan
63%
Jamaica
61%
Japan
61%
Nicaragua
61%
Niger
61%
Nigeria
61%
Egypt
59%
Italy
56%
Ukraine
55%
Guatemala
53%
Guinea
53%
Guinea-Bissau
53%
Guyana
53%
Iceland
53%
Andorra
52%
Angola
52%
Antigua and Barbuda
52%
Venezuela
52%
Bahamas
51%
Bahrain
51%
Bangladesh
51%
Barbados
51%
Laos
48%
Latvia
48%
Burma
47%
Ecuador
47%
Bulgaria
45%
Burkina Faso
45%
Burundi
45%
Cuba
45%
Namibia
45%
Nauru
45%
Uruguay
45%
Taiwan
44%
Tajikistan
44%
Tanzania
44%
Afghanistan
39%
Oman
39%
Yemen
39%
Greece
37%
Grenada
37%
Ethiopia
36%
Senegal
36%
Serbia
36%
Seychelles
36%
Thailand
36%
Honduras
35%
Dominica
33%
Dominican Republic
33%
Estonia
33%
Haiti
33%
Romania
33%
Vietnam
33%
Philippines
32%
Uzbekistan
30%
El Salvador
29%
Kyrgyzstan
29%
Lebanon
28%
Lesotho
28%
Kenya
27%
Federated States of Micronesia
26%
Eritrea
25%
Zambia
25%
Central African Republic
24%
Czechia
24%
Bhutan
23%
Gabon
23%
Gambia
23%
Ghana
23%
Israel
23%
Sierra Leone
23%
Singapore
23%
Slovakia
23%
Slovenia
23%
Sri Lanka
23%
Zimbabwe
23%
Hungary
22%
Syria
22%
Togo
21%
Tonga
21%
Vanuatu
21%
Vatican City
21%
Azerbaijan
20%
Croatia
20%
Jordan
20%
Kiribati
19%
Luxembourg
17%
Rwanda
17%
Djibouti
16%
Kosovo
16%
Kuwait
16%
Uganda
16%
Cyprus
15%
Qatar
15%
Trinidad and Tobago
14%
East Timor
12%
Equatorial Guinea
12%
No matching quizzes found
Score Distribution
Percent of People with Each Score
Percentile by Number Answered
Your Score History
You have not taken this quiz